000 00665nam a2200241Ia 4500
003 OSt
005 20221006160414.0
006 a|||||r|||| 00| 0
007 ta
008 221006b |||||||| |||| 00| 0 eng d
024 _a45,151
037 _cSeries Articles
040 _aEASL
_cEASL
_beng
041 _2eng
_aeng
100 _aTenzin Jinba Au.
_9673336
245 0 _aGrassroots association on the Sin-tibetan border
_b The role,Agendas and beyond
260 _aUK
_bCambridge Univesity Press UK
_c2014
300 _a99-121
_ccm.
490 _v217
650 _aChina
942 _cREF
_2CC
999 _c1113243
_d1113243